| 000 | 00885pam a2200277 a 4500 | ||
|---|---|---|---|
| 001 | 616425 | ||
| 003 | 000 | ||
| 005 | 20150429151546.0 | ||
| 008 | 920903s1993 caua 001 0 eng | ||
| 010 | _a 92033078 | ||
| 020 |
_a0534200044 : _c$37.50 |
||
| 040 |
_aUOEL _cDLC _dDLC |
||
| 050 | 0 | 0 |
_aQD33 _b.H45 1993 |
| 082 | 0 | 0 |
_a540 _220 |
| 100 | 1 | _aHein, Morris. | |
| 245 | 1 | 0 | _aFoundations of college chemistry. |
| 250 |
_a8th ed. / _bMorris Hein, Susan Arena. |
||
| 260 |
_aPacific Grove, Calif. : _bBrooks/Cole, _cc1993 |
||
| 300 |
_a1 v. (various pagings) : _bill. (some col.) ; _c27 cm. |
||
| 500 | _aIncludes index. | ||
| 650 | 0 | _aChemistry. | |
| 700 | 1 |
_aArena, Susan, _d1951- |
|
| 906 |
_a7 _bcbc _corignew _d1 _eocip _f19 _gy-gencatlg |
||
| 942 |
_2lcc _cLL |
||
| 999 |
_c6224 _d6224 |
||